• 首页
  • 本馆介绍
  • 公告通知
  • 最新文献
  • 馆藏检索
  • 电子资源
  • 读者导购
  • 参考咨询
  • 我的图书馆
  • 登录
  • 详细信息显示
  • 放入我的书架
  • 预约/预借图书
  • 作者相关作品
  • 分类相关作品
  • 丛书相关作品
  • 出版社相关作品

书目信息

  • 表格格式
  • 工作单格式
  • 卡片格式
题名:
信息论与编码
    
 
作者: 张小飞, , 邵汉钦 , 吴启晖 编
分册:  
出版信息: 北京   电子工业出版社  2019重印
页数: 235页
开本: 26cm
丛书名:
单 册:
中图分类: TN911.2 , TN911.21
科图分类:
主题词: 信息论--xin xi lun--高等学校--教材 , 信源编码--xin yuan bian ma--高等学校--教材
电子资源:
ISBN: 978-7-121-35097-9
000 01258cam0 2200337 45
001 012001000749
005 20140106163437.0
010    @a978-7-121-35097-9@dCNY58.00
099    @aCAL 012018184541
100    @a20181030d2018 ekmy0chiy50 ea
101 0  @achi
102    @aCN@b110000
105    @aak a 000yy
106    @ar
200 1  @a信息论与编码@Axin xi lun yu bian ma@f张小飞 ... [等] 编
210    @a北京@c电子工业出版社@d2019重印
215    @a235页@c图@d26cm
304    @a题名页编者还有: 邵汉钦, 吴启晖, 徐大专
312    @a英文题名取自封面
320    @a有书目 (第232-235页)
330    @a本书以信息熵为基本概念,以香农理论的3个基本定理为核心,系统地讲述香农信息论的基本理论,主要内容包括离散信息和连续信息的度量、离散信道和连续信道的容量、无失真信源编码定理、有噪信道编码定理、信息率失真函数、信道编码和网络信息论。
510 1  @aInformation theory and coding@zeng
606 0  @a信息论@Axin xi lun@x高等学校@j教材
606 0  @a信源编码@Axin yuan bian ma@x高等学校@j教材
690    @aTN911.2@v5
690    @aTN911.21@v5
701  0 @a张小飞,@Azhang xiao fei@f1977-@4编
701  0 @a邵汉钦@Ashao han qin@4编
701  0 @a吴启晖@Awu qi hui@4编
801  0 @aCN@b北京卓展文化@c20191020
905    @b1200929-32@dTN911.2@e273@f4
    
    信息论与编码/张小飞 ... [等] 编.-北京:电子工业出版社,2019重印
    235页:图;26cm
    
    
    ISBN 978-7-121-35097-9:CNY58.00
    本书以信息熵为基本概念,以香农理论的3个基本定理为核心,系统地讲述香农信息论的基本理论,主要内容包括离散信息和连续信息的度量、离散信道和连续信道的容量、无失真信源编码定理、有噪信道编码定理、信息率失真函数、信道编码和网络信息论。
●
相关链接 在E读中查询图书 在五车中查询图书 在当当中查询图书 在豆瓣中查询图书


正题名:信息论与编码     索取号:TN911.2/273         预约/预借

序号 登录号 条形码 馆藏地/架位号 状态 备注
1 1200929   212009299   第二样本阅览室/ [索取号:TN911.2/273] 在馆    
2 1200930   212009306   第三借阅区/ [索取号:TN911.2/273] 在馆    
3 1200931   212009315   第三借阅区/ [索取号:TN911.2/273] 在馆    
4 1200932   212009324   第三借阅区/ [索取号:TN911.2/273] 在馆    
唐山师范学院图书馆 欢迎您!
大连网信软件有限公司© 版权所有